Intelligence analysis : as discovery of evidence, hypotheses, and arguments (Record no. 47188)
[ view plain ]
| 000 -LEADER | |
|---|---|
| fixed length control field | 00864nam a2200217 a 4500 |
| 008 - FIXED-LENGTH DATA ELEMENTS--GENERAL INFORMATION | |
| fixed length control field | 200721s2016 ||||||||||||||||| || u |
| 020 ## - INTERNATIONAL STANDARD BOOK NUMBER | |
| International Standard Book Number | 9781107122604 |
| 050 ## - LIBRARY OF CONGRESS CALL NUMBER | |
| Classification number | JF 1525.I6 Tec |
| 100 ## - MAIN ENTRY--PERSONAL NAME | |
| Personal name | Marcu, Dorin |
| 245 10 - TITLE STATEMENT | |
| Title | Intelligence analysis : as discovery of evidence, hypotheses, and arguments |
| Statement of responsibility, etc. | By Gheorghe Tecuci; David A. Schum; Dorin Marcu; Mihai Boicu |
| 260 ## - PUBLICATION, DISTRIBUTION, ETC. | |
| Place of publication, distribution, etc. | New York |
| Name of publisher, distributor, etc. | Cambridge University Press |
| Date of publication, distribution, etc. | 2016 |
| 300 ## - PHYSICAL DESCRIPTION | |
| Extent | xxii, 262 pages : illustrations |
| 350 ## - PRICE (NR) (BK AM CF MU VM SE) [OBSOLETE] | |
| Price | 54.47 |
| 650 ## - SUBJECT ADDED ENTRY--TOPICAL TERM | |
| Topical term or geographic name entry element | REASONING--DATA PROCESSING |
| 650 ## - SUBJECT ADDED ENTRY--TOPICAL TERM | |
| Topical term or geographic name entry element | INTELLIGENCE SERVICE--METHODOLOGY |
| 650 #0 - SUBJECT ADDED ENTRY--TOPICAL TERM | |
| Topical term or geographic name entry element | EVIDENCE |
| 700 ## - ADDED ENTRY--PERSONAL NAME | |
| Personal name | Tecuci, Gheorghe |
| 700 ## - ADDED ENTRY--PERSONAL NAME | |
| Personal name | Schum, David A |
| 700 ## - ADDED ENTRY--PERSONAL NAME | |
| Personal name | Boicu, Mihai |
| 995 ## - RECOMMENDATION 995 [LOCAL, UNIMARC FRANCE] | |
| -- | CBU-MAIN LIBRARY (Kitwe) |
| -- | 54.47 |
| -- | 1 |
| -- | AVAILABLE |
| -- | Jul 22, 2020 |
| -- | Main Library Open Access Collection |
| Withdrawn status | Lost status | Source of classification or shelving scheme | Damaged status | Not for loan | Home library | Current library | Shelving location | Date acquired | Total Checkouts | Full call number | Barcode | Date last seen | Price effective from | Koha item type |
|---|---|---|---|---|---|---|---|---|---|---|---|---|---|---|
| CBU-MAIN LIBRARY, KITWE. | CBU-MAIN LIBRARY, KITWE. | 11/30/2022 | JF 1525.I6 Tec | 750367 | 11/30/2022 | 11/30/2022 | MONOGRAPH |